000 01567nam a2200265Ia 4500
999 _c56512
_d56512
001 23626
003 GE_BSU
005 20260310171019.0
008 181216s1969||||ge |||||||||||||| ||geo||
040 _cGE_BSU
041 _ageo
080 _a94(479.22)(093უცხ.) + 930.2(38) ყ-36
100 _aყაუხჩიშვილი, თინათინ
_917888
245 _aბერძენი მწერლების ცნობები საქართველოს შესახებ. წ. 2 :
_b(არისტოტელე, ნიკოლოზ დამასკელი, კლავდიუს ელიანუსი) /
_cთინათინ ყაუხჩიშვილი ; მხატვ. : გ. ნადირაძე.
264 _aთბილისი :
_bმეცნიერება,
_c1969.
300 _a220 გვ. ;
_c22 სმ.
500 _aსახელთა საძიებელი : გვ.202-219
541 _h2ლ. 46 თ.
653 _aბერძენი მწერლების ცნობები საქართველოს შესახებ
653 _aისტორია
653 _aსაქართველოს ისტორიის ბერძნული წყაროები
653 _aწ. 2 : (არისტოტელე, ნიკოლოზ დამასკელი, კლავდიუს ელიანუსი)
700 _aნადირაძე, გ.
_eმხატვარი
_927108
942 _cBK
_2udc